000 01426nam0a2200325 4500
001 RU\NLR\BIBL_A\011961761
005 20190426155421.0
010 _a978-5-93821-222-0
_9200
021 _aRU
_bКН-П-19-010593
_9КН-П-19-0778
035 _a(NLR Aleph) 011961761
035 _a(RuMoRGB)009887499
090 _a11207660
_c11207660
100 _a20190315d2018 u y0rusy50 ca
101 0 _arus
102 _aRU
105 _a |||z|||000zy
200 1 _aЛучшие практики деятельности молодёжных проектных команд
_e[методическое пособие]
_fФатов И.С., Аполосова А.О., Миюсов В.А.
_g[Российский союз молодежи и др.]
210 _aКалуга
_cПолитоп
_d2018
215 _a57 с.
_cил., табл.
_d21
606 1 _aСоциальное проектирование
_jМетодические пособия
_2nlr_sh1
_2nlr_sh2
_3RU\NLR\AUTH\661300647
610 0 _aуправление проектами
686 1 _aЧ714(2Р)к41я8
700 1 _aФатов
_bИ. С.
_gИгорь Сергеевич
701 1 _aАполосова
_bА. О.
_gАнна Олеговна
701 1 _aМиюсов
_bВ. А.
_gВладислав Александрович
942 _cBOOK
980 _aNBR
980 _aNB